| 000 | 00371nam a22001577a 4500 | ||
|---|---|---|---|
| 003 | OSt | ||
| 008 | 240223b |||||||| |||| 00| 0 eng d | ||
| 020 | _a9781250280268 | ||
| 082 |
_a158.1 _bWID |
||
| 100 | _aWILLINK,Jocko | ||
| 245 | _aDiscipline Equals Freedom | ||
| 250 | _aEd. 2nd | ||
| 260 |
_aSivakasi _bGopsons Paper Pvt _c2020 |
||
| 300 | _a247 | ||
| 942 |
_2ddc _cBK |
||
| 999 |
_c12226 _d12226 |
||